000 00587nam a2200241Ia 4500
003 OSt
005 20220918174049.0
006 a|||||r|||| 00| 0
007 ta
008 220917b |||||||| |||| 00| 0 eng d
024 _a10,265
037 _cTextual
040 _aARTS
_cARTS
_beng
041 _2eng
_aeng
082 _aR1, L5
100 _aPeineking James
_948975
245 0 _aLogical space
260 _aNew York
_bLondon Press
_c1975
300 _a160p.
_ccm.
650 _aLOGIC
942 _hR1, L5
_cTEXL
_2CC
999 _c151639
_d151639